Mastering office practice (Record no. 37817)

MARC details
000 -LEADER
fixed length control field 00262nam a2200109Ia 4500
082 ## - DEWEY DECIMAL CLASSIFICATION NUMBER
Classification number 651
Item number BAI
100 ## - MAIN ENTRY--AUTHOR NAME
Personal name Bailey, P
245 #0 - TITLE STATEMENT
Title Mastering office practice
260 ## - PUBLICATION, DISTRIBUTION, ETC. (IMPRINT)
Place of publication Hong Kong
Name of publisher Mamillan
Year of publication 1982
942 ## - ADDED ENTRY ELEMENTS (KOHA)
Koha item type Books
Holdings
Withdrawn status Lost status Damaged status Not for loan Home library Current library Date acquired Cost, normal purchase price Full call number Accession Number Koha item type
        RRII Library RRII Library 16/12/2021 35.00 651 BAI 18193 Books